00695nam a2200241 a 4500001001300000003000900013005001700022008004100039020001000080082001600090100002700106245001600133260003800149300001000187500003500197505002800232650002000260700002700280902000800307942000700315952011600322999001500438nice12345678IN_TiNIC20260116011757.0050524s1340 teha grp 000 0 per  ac10000a297.82bHIJ aHijazi Mohammad, Baqar aAin-E-Rasti aTehranbKutub Khana Markazic1340 a148p. aincludes index and biblioraphy2 aHand Written Manuscript aShiah-Doctrines1 aHijazi Mohammad, Baqar bSRS cBK 001040708StackRoom-aHMIbHMId2007-06-28g100.00l0o297.82 HIJp05055r2007-06-28v100.00w2005-05-24yBK c3886d3886